| 000 | 00871cam a22002777a 4500 | ||
|---|---|---|---|
| 003 | CHAP | ||
| 005 | 20220329133835.0 | ||
| 008 | 971013s1945 r 00010 d | ||
| 010 | _a11639 | ||
| 011 | _a12611 | ||
| 035 | _a15797 | ||
| 040 | _cCHAP | ||
| 082 |
_a631.45 _bM52 |
||
| 100 | 0 | 0 |
_aMickey, Karl B. _975472 |
| 245 | 0 |
_aMan and the soil _b: a brief introduction to the study of soil conservation |
|
| 260 |
_aChicago : _bInternational Harvester, _c1945 |
||
| 300 |
_a110 p. _b: ilus. |
||
| 590 |
_aBATCH-UPD _b10 _c20130110 _lUCH01 _h2005 |
||
| 590 |
_aBATCH-UPD _b10 _c20130410 _lUCH01 _h1325 |
||
| 590 |
_aBATCH-UPD _b10 _c20130914 _lUCH01 _h2036 |
||
| 590 |
_aCONVERSION _b10 _c20130109 _lUCH01 _h1308 |
||
| 650 | 1 | 4 |
_aSuelos _xConservación. _9110283 |
| 901 | _aBK | ||
| 942 | _cLIBRO | ||
| 949 |
_a631.45 M52 _bBC _cLIBRO _d33724000073615 _eLIBRO _h73035 _i15797 _mD _si |
||
| 999 |
_c11639 _d11639 |
||